[Event "HUN-ch Rapid 2019"]
[Site "Ajka"]
[Date "2019.07.19"]
[Round "1.1"]
[White "Uzonyi, David"]
[Black "Almasi, Zoltan"]
[Result "0-1"]
[WhiteElo "2069"]
[BlackElo "2687"]
[Annotator "TA"]
[PlyCount "56"]
[EventDate "2019.07.18"]
[EventType "swiss"]
[EventCountry "HUN"]
[SourceTitle "playchess.com"]
[Source "ChessBase"]
[SourceQuality "1"]

{[%evp 9,56,17,14,-14,12,-3,11,-4,2,-4,0,4,3,-23,-16,-54,-47,-48,-46,-51,-39,-46,-25,-27,0,0,0,-79,-82,-78,-84,-188,-124,-125,-120,-149,-146,-146,-146,-157,-142,-154,-141,-195,-194,-310,-317,-669,-658]} 1. e4 c5 2. c3 d6 3. d4 Nf6 4. Bd3 Nc6 5. dxc5 dxc5 6. Be3 {B22: Sicilian: 2 c3} (6. Qe2 a6 7. Bf4 e5 8. Bg5 b5 9. a4 c4 10. Bc2 Rb8 11. axb5 axb5 12. Nf3 h6 13. Be3 {0-1 (29) Wegerle,J (2442)-Stukopin,A (2596) Arlington 2016}) 6... b6 7. Na3 $146 ({Predecessor:} 7. Nf3 Qc7 8. h3 Bb7 9. Qc2 e6 10. Nbd2 Be7 11. a4 a6 12. O-O O-O 13. Rad1 {½-½ (41) Szecsi,P (1873)-Kocsis,A Hungary 2013}) 7... g6 8. Ne2 {The position is equal.} Bg7 9. O-O O-O 10. f3 Qc7 11. Qe1 Ne5 12. Bc2 Ba6 $36 {[%mdl 2048] White is under pressure.} 13. b3 Rad8 14. c4 Nc6 {[%cal Be5c6,Bc6b4,Bb4a2][%mdl 32]} 15. Rd1 Nh5 16. Qf2 e6 17. f4 Nb4 {[#] ...Bb2 is the strong threat.} 18. Ng3 (18. Bb1 $11 {remains equal.}) 18... Nxg3 $17 19. hxg3 Nxa2 20. f5 (20. e5 $17 {was called for.}) 20... Be5 (20... exf5 $19 21. exf5 Rxd1 22. Rxd1 Nc3) 21. Bf4 Rxd1 22. Rxd1 Nb4 23. Bb1 Nc6 24. Nc2 Rd8 ({Resist} 24... gxf5 25. exf5 exf5 26. Ne3 $17) 25. Rf1 Qe7 ({Don't do} 25... gxf5 26. exf5 Bc8 27. Ne3 $15) 26. fxg6 (26. Bxe5 $17 Nxe5 27. Ne3) 26... fxg6 27. Ne3 (27. Bxe5 {keeps fighting.} Nxe5 28. Ne1) 27... Bd4 $19 {Hoping for ...g5.} 28. Qe1 $2 {[#]} (28. Bh6 Ne5 29. Qe2) 28... g5 {Accuracy: White = 36%, Black = 70%.} 0-1

[Event "HUN-ch Rapid 2019"]
[Site "Ajka"]
[Date "2019.07.19"]
[Round "1.2"]
[White "Balog, Imre"]
[Black "Toviskes, Antal"]
[Result "1-0"]
[WhiteElo "2566"]
[BlackElo "2014"]
[Annotator "TA"]
[PlyCount "121"]
[EventDate "2019.07.18"]
[EventType "swiss"]
[EventCountry "HUN"]
[SourceTitle "playchess.com"]
[Source "ChessBase"]
[SourceQuality "1"]

{[%evp 19,121,0,9,12,15,20,6,19,20,22,13,18,27,14,25,34,57,45,60,69,133,58,58,54,58,62,68,53,97,117,89,77,108,62,59,47,47,54,57,39,54,48,55,0,44,37,74,74,76,84,70,33,108,104,104,89,125,94,98,98,121,68,110,72,85,69,62,71,113,120,106,112,122,119,114,105,133,108,87,0,105,69,679,676,674,669,648,632,804,777,801,168,158,129,126,112,134,134,118,107,108,71,402,368]} 1. e4 c5 2. Nf3 d6 3. d4 cxd4 4. Nxd4 Nf6 5. Nc3 g6 6. Be2 Bg7 7. O-O O-O 8. Be3 Nc6 9. Nb3 Be6 10. Qd2 Ne5 11. Rfd1 {B74: Sicilian Dragon: Classical System with 9 Nb3} (11. Rfe1 Rc8 12. Rad1 a6 13. Bf4 Qb6 14. Bf1 Rfe8 15. Nd5 Bxd5 16. exd5 Nc4 17. Bxc4 Rxc4 18. Be3 Qb4 19. c3 Qa4 20. Nc1 Rh4 21. b3 Qg4 22. f3 Qc8 23. Ne2 b5 {½-½ (23) Illijin,N (2315)-Savchenko,S (2585) Ljubljana 1996}) 11... Nc4 12. Bxc4 Bxc4 13. f3 {The position is equal.} Qc7 14. Qf2 $146 ({Predecessor:} 14. Nd4 Rfc8 15. b3 Ba6 16. Nd5 Nxd5 17. exd5 Qc3 18. Rac1 Qxd2 19. Rxd2 {½-½ (56) Lilleeng,A (2155)-Torgersen,T (1796) ICCF email 2011}) 14... b6 15. Nd4 Rac8 16. a4 Qb7 17. Rac1 Kh8 18. b3 Be6 19. Nce2 Nd7 ({Black should try} 19... Bd7 $14) 20. Nxe6 (20. Nf4 $1 $16) 20... fxe6 $14 21. Qh4 Rf7 22. Qh3 e5 23. Qe6 Rcf8 24. b4 Nf6 25. Ng3 (25. c4 {seems wilder.} Nxe4 26. fxe4 Qxe4 27. Rc3 Bh6 28. Qh3) 25... Qc8 26. Qxc8 (26. Qa2 {is interesting.} h5 27. Nf1 Kh7 28. c4 Nd7 29. a5) 26... Rxc8 27. c4 Nd7 28. Nf1 h5 29. Rd5 Kh7 30. a5 Bh6 31. Rc2 (31. Bxh6 $14 Kxh6 32. Ne3) 31... Bxe3+ 32. Nxe3 Rff8 33. Ra2 Rc7 34. Rd3 Nf6 35. Rda3 Rfc8 (35... b5 $14) 36. axb6 $16 axb6 37. Ra7 e6 38. R2a6 {aiming for Rxc7+.} Nd7 39. Kf2 Kg7 40. Ke2 (40. Kg3 $16) 40... Kf7 41. Kd3 Ke7 42. Rxc7 Rxc7 {[%mdl 4096] Endgame KRN-KRN} 43. Ra8 Kf7 44. Nd1 Rb7 45. Nc3 Rb8 46. Ra7 Ke8 47. h4 Rc8 48. Na4 {Strongly threatening Rxd7!} Rb8 49. Nc3 Rc8 $1 50. g3 Ke7 $2 {[%mdl 8192] [#]} (50... Kd8 $14) 51. Na4 $1 $18 Rb8 {[#]} 52. c5 $1 {[%cal Rc5c6]} bxc5 53. bxc5 dxc5 54. Nxc5 Rd8 55. Ke3 $2 (55. Kc4 Ke8 56. Nxe6) 55... Ke8 56. Nxe6 Rb8 57. Nc7+ Ke7 58. Nd5+ Ke8 59. f4 {Black must now prevent fxe5.} Rb3+ 60. Ke2 {Threatens to win with fxe5.} Rxg3 $2 {[%mdl 8192]} (60... Nc5 $16 {is tougher.}) 61. fxe5 {Accuracy: White = 50%, Black = 45%.} 1-0

[Event "HUN-ch Rapid 2019"]
[Site "Ajka"]
[Date "2019.07.19"]
[Round "1.3"]
[White "Mihalyfi, Gabor"]
[Black "Banusz, Tamas"]
[Result "0-1"]
[WhiteElo "1996"]
[BlackElo "2626"]
[Annotator "TA"]
[PlyCount "86"]
[EventDate "2019.07.18"]
[EventType "swiss"]
[EventCountry "HUN"]
[SourceTitle "playchess.com"]
[Source "ChessBase"]
[SourceQuality "1"]

{[%evp 15,85,0,4,-35,-28,-53,-61,-59,-12,-8,0,0,7,0,0,0,181,177,339,336,381,391,390,385,406,400,368,361,496,489,464,436,500,375,360,367,442,440,487,476,498,419,395,210,212,222,210,216,173,173,510,351,477,117,104,48,51,46,105,95,287,98,104,0,0,0,120,38,39,-29998,-29999,-29999]} 1. d4 Nf6 2. g3 d5 3. Bg2 Bf5 4. c4 c6 5. Nf3 e6 6. O-O Be7 7. Nc3 h6 8. Qb3 Qb6 9. Qxb6 {D11: Slav Defence: 3 Nf3 sidelines and 3...Nf6 4 e3 Bg4} (9. c5 Qa6 10. Re1 b6 11. Bf1 Qb7 12. Bf4 Nbd7 13. Nd2 O-O 14. e4 Nxe4 15. Ncxe4 Bxe4 16. Nxe4 dxe4 17. Rxe4 {½-½ (31) Nyzhnyk,I (2628)-Shimanov,A (2593) Saint Louis 2015}) 9... axb6 10. Be3 $146 ({Predecessor:} 10. cxd5 exd5 11. Bf4 O-O 12. Ne5 b5 13. a3 Nbd7 14. Rfd1 Rfd8 15. f3 Nb6 16. e4 Be6 17. Bf1 dxe4 18. fxe4 Bb3 19. Re1 Na4 20. Nxa4 Rxa4 {0-1 (51) Ursan,P (2204)-Bokros,A (2489) Corund 2016}) 10... dxc4 11. a4 {Black is slightly better.} Nd5 12. Ne5 Nxe3 13. fxe3 Bg5 14. Kf2 Nd7 15. Nxc4 Ke7 $2 (15... O-O $11) 16. e4 $1 $18 {[%cal Re4f5]} Bg6 $2 (16... Bg4 17. h4 e5) 17. h4 c5 18. hxg5 cxd4 19. Nb5 Rac8 20. Nbd6 Rc6 21. e5 Rc5 22. b4 Rc7 23. Bxb7 hxg5 24. Ba6 Rh2+ 25. Ke1 d3 26. exd3 f6 27. Rd1 Rg2 28. exf6+ gxf6 29. Nb5 (29. Nc8+ $142 Kf8 30. Rd2 (30. N4xb6 Nxb6 31. Rxf6+ Kg7 $18) 30... Rxg3 31. N8xb6) 29... Bxd3 30. Rxd3 Rxc4 31. Nd4 Rc1+ 32. Rd1 Rc3 $2 (32... Rxd1+ {is tougher.} 33. Kxd1 Rxg3) 33. Bb5 Ne5 34. Rf2 $2 (34. Rh1 $18 f5 35. Ne2) 34... Rgxg3 $16 35. a5 ({White should play} 35. Rh2 $16 {And now Rh7+ would win.} Kf7 36. Rh7+ Kg6 37. Rh1) 35... bxa5 $14 36. bxa5 {[%cal Bb4a5,Ba5a6][%mdl 32]} Ra3 (36... Nd3+ $14 37. Rxd3 Rcxd3 38. Bxd3 Rxd3) 37. a6 $1 $16 f5 $2 {[#]} (37... g4 $16 {keeps fighting.}) 38. Re2 $2 (38. Rxf5 $1 $18 {[%mdl 512]} Rge3+ (38... exf5 39. Nxf5+) 39. Kd2) 38... Kf6 {[#]} 39. Kf2 (39. Kd2 $1 $16) 39... Ng4+ $11 40. Ke1 Ne3 {[#]} (40... Ne5 $1 $11 {remains equal.}) 41. Rc1 ({White should try} 41. Rd3 $1 $16 {[%cal Rd3a3]} Ra1+ 42. Kd2) 41... f4 42. Rc6 $2 {[%mdl 8192]} (42. Kd2 $14) 42... Rg1+ 43. Kf2 Rf1# {Accuracy: White = 23%, Black = 28%.} 0-1

[Event "HUN-ch Rapid 2019"]
[Site "Ajka"]
[Date "2019.07.19"]
[Round "1.4"]
[White "Papp, Gabor"]
[Black "Biro, Zsolt"]
[Result "1-0"]
[WhiteElo "2587"]
[BlackElo "2003"]
[Annotator "ChessBase"]
[PlyCount "49"]
[EventDate "2019.07.18"]
[EventType "swiss"]
[EventCountry "HUN"]
[SourceTitle "playchess.com"]
[Source "ChessBase"]
[SourceQuality "1"]
[TimeControl "1200+5"]

1. e4 {[%emt 0:00:03]} e6 {[%emt 0:00:03]} 2. d4 {[%emt 0:00:03]} d5 {[%emt 0:00:01]} 3. Nd2 {[%emt 0:00:03]} Nf6 {[%emt 0:00:34]} 4. e5 {[%emt 0:00:04]} Nfd7 {[%emt 0:00:01]} 5. Bd3 {[%emt 0:00:01]} c5 {[%emt 0:00:01]} 6. c3 {[%emt 0:00:01]} Nc6 {[%emt 0:00:02]} 7. Ne2 {[%emt 0:00:02]} Be7 {[%emt 0:00:25]} 8. O-O {[%emt 0:00:08]} a6 {[%emt 0:00:22]} 9. f4 {[%emt 0:00:07]} b5 {[%emt 0:00:18]} 10. Nf3 {[%emt 0:00:15]} Qb6 {[%emt 0:00:17]} 11. Be3 {[%emt 0:00:09]} a5 {[%emt 0:01:49]} 12. f5 {[%emt 0:00:09]} cxd4 {[%emt 0:00:12]} 13. cxd4 {[%emt 0:00:34]} Ndxe5 {[%emt 0:00:29]} 14. dxe5 {[%emt 0:01:28]} Qxe3+ {[%emt 0:00:07]} 15. Kh1 {[%emt 0:00:02]} Rb8 {[%emt 0:01:01]} 16. Rc1 {[%emt 0:00:18]} Bd7 {[%emt 0:00:56]} 17. f6 {[%emt 0:00:25]} gxf6 {[%emt 0:00:17]} 18. exf6 {[%emt 0:00:02]} Bxf6 {[%emt 0:00:32]} 19. Ng3 {[%emt 0:00:05]} h5 {[%emt 0:00:45]} 20. Nf5 {[%emt 0:00:30]} Qb6 {[%emt 0:00:46]} 21. Qe1 {[%emt 0:00:39]} Kf8 {[%emt 0:00:35]} 22. Nd6 {[%emt 0:01:15]} Nb4 {[%emt 0:00:12]} 23. Ne5 {[%emt 0:00:21]} Bxe5 {[%emt 0:05:20]} 24. Rxf7+ {[%emt 0:00:20]} Kg8 {[%emt 0:00:01]} 25. Qxe5 {[%emt 0:00:08]} 1-0

[Event "HUN-ch Rapid 2019"]
[Site "Ajka"]
[Date "2019.07.19"]
[Round "1.5"]
[White "Paksa, Rudolf"]
[Black "Hera, Imre Jr."]
[Result "0-1"]
[WhiteElo "2084"]
[BlackElo "2610"]
[Annotator "RC"]
[PlyCount "46"]
[EventDate "2019.07.18"]
[EventType "swiss"]
[EventCountry "HUN"]
[SourceTitle "playchess.com"]
[Source "ChessBase"]
[SourceQuality "1"]
[TimeControl "1200+5"]

1. e4 {[%emt 0:00:04]} Nc6 {[%emt 0:00:02]} 2. Nf3 {[%emt 0:00:10]} d6 {[%emt 0:00:02]} 3. d4 {[%emt 0:00:04]} Nf6 {[%emt 0:00:02]} 4. Nc3 {[%emt 0:00:02]} g6 {[%emt 0:00:02]} 5. h3 {[%emt 0:00:05]} Bg7 {[%emt 0:00:02]} 6. Be3 {[%emt 0:00:02]} O-O {[%emt 0:00:08]} 7. Qd2 {[%emt 0:00:01]} a6 {[%emt 0:00:13]} 8. Bh6 {[%emt 0:00:08]} b5 {[%emt 0:00:04]} 9. Bxg7 {[%emt 0:00:03]} Kxg7 {[%emt 0:00:02]} 10. a3 {[%emt 0:00:11]} e5 {[%emt 0:00:20]} 11. O-O-O {[%emt 0:00:22]} Bb7 {[%emt 0:00:21]} 12. Qe3 {[%emt 0:00:24]} exd4 {[%emt 0:01:21]} 13. Nxd4 {[%emt 0:00:03]} Re8 {[%emt 0:00:01]} 14. f3 {[%emt 0:00:35]} Qe7 {[%emt 0:01:00]} 15. Bd3 {[%emt 0:00:21]} Ne5 {[%emt 0:00:18]} 16. Rhe1 {[%emt 0:00:22]} c5 {[%emt 0:00:06]} 17. f4 {[%emt 0:00:39]} cxd4 {[%emt 0:00:21]} 18. Qxd4 {[%emt 0:00:04]} Nxd3+ {[%emt 0:00:16]} 19. cxd3 {[%emt 0:00:02]} Qc7 {[%emt 0:00:21]} 20. e5 {[%emt 0:00:19]} dxe5 {[%emt 0:00:31]} 21. fxe5 {[%emt 0:00:01]} Nd5 {[%emt 0:00:08]} 22. e6+ {[%emt 0:00:14]} f6 {[%emt 0:00:05]} 23. Rf1 {[%emt 0:00:04]} Rxe6 {[%emt 0:00:05]} 0-1

[Event "HUN-ch Rapid 2019"]
[Site "Ajka"]
[Date "2019.07.19"]
[Round "1.6"]
[White "Gledura, Benjamin"]
[Black "Borus, Andras"]
[Result "1-0"]
[WhiteElo "2654"]
[BlackElo "2018"]
[Annotator "TA"]
[PlyCount "58"]
[EventDate "2019.07.18"]
[EventType "swiss"]
[EventCountry "HUN"]
[SourceTitle "playchess.com"]
[Source "ChessBase"]
[SourceQuality "1"]

{[%evp 20,58,54,51,62,58,66,70,88,64,82,78,106,78,102,108,136,130,134,85,85,77,73,72,118,118,156,160,337,350,337,279,277,179,1187,1187,1186,1132,29979,29980,29959]} 1. Nf3 d6 2. d4 Nf6 3. g3 g6 4. Bg2 Bg7 5. O-O O-O 6. b3 Nbd7 7. Bb2 e5 8. dxe5 Ng4 9. Qc1 Ngxe5 10. Nxe5 Nxe5 11. c4 Rb8 {A49: 1 d4 Nf6 2 Nf3 g6 3 g3: Anti-King's Indian systems} (11... Re8 12. Nc3 Rb8 13. Qd2 a6 14. Rad1 Be6 15. f4 Ng4 16. h3 Nf6 17. e4 b5 18. f5 Bd7 19. g4 bxc4 20. fxg6 hxg6 {0-1 (58) Mamedov,R (2709)-McShane,L (2647) Batumi 2018}) 12. Nc3 Be6 13. Qd2 $146 ({Predecessor:} 13. Rd1 Qe7 14. Qd2 f5 15. Rac1 b6 16. Nd5 Bxd5 17. cxd5 a5 18. Rc2 Rbd8 19. Re1 {½-½ (32) Sturua,Z (2556)-Kalegin,E (2420) Marianske Lazne 2016}) 13... a6 {White is slightly better.} 14. Rac1 Kh8 15. e4 f5 16. f4 Ng4 17. exf5 gxf5 18. Rfe1 Qd7 19. h3 Nf6 20. Nd5 $36 {[%mdl 2048] Keeping Black busy.} Bxd5 21. cxd5 Rf7 22. Re6 Rg8 23. Kh2 Ne4 $2 {[#]} (23... Nh5 $16 24. Bf3 Nxg3) 24. Bxe4 fxe4 25. Rxe4 Qf5 26. Rce1 {aiming for g4.} Bf6 $2 (26... h5 27. Bxg7+ Rgxg7) 27. g4 $18 Qg6 28. Re6 Qg7 29. Rxf6 Rxf6 {Accuracy: White = 75%, Black = 17%.} 1-0

[Event "HUN-ch Rapid 2019"]
[Site "Ajka"]
[Date "2019.07.19"]
[Round "1.7"]
[White "Fehervari, Istvan"]
[Black "Ruck, Robert"]
[Result "0-1"]
[WhiteElo "1959"]
[BlackElo "2524"]
[Annotator "ChessBase"]
[PlyCount "42"]
[EventDate "2019.07.18"]
[EventType "swiss"]
[EventCountry "HUN"]
[SourceTitle "playchess.com"]
[Source "ChessBase"]
[SourceQuality "1"]
[TimeControl "1200+5"]

1. d4 {[%emt 0:00:04]} Nf6 {[%emt 0:00:03]} 2. Nf3 {[%emt 0:00:05]} g6 {[%emt 0:00:02]} 3. c4 {[%emt 0:00:11]} Bg7 {[%emt 0:00:02]} 4. Nc3 {[%emt 0:00:02]} d5 {[%emt 0:00:02]} 5. Qb3 {[%emt 0:00:34]} dxc4 {[%emt 0:00:06]} 6. Qxc4 {[%emt 0:00:02]} O-O {[%emt 0:00:03]} 7. e4 {[%emt 0:00:08]} a6 {[%emt 0:00:24]} 8. Qd3 {[%emt 0:00:44]} b5 {[%emt 0:00:46]} 9. Be2 {[%emt 0:00:25]} Bb7 {[%emt 0:00:04]} 10. a3 {[%emt 0:00:40]} c5 {[%emt 0:00:06]} 11. dxc5 {[%emt 0:01:05]} Qxd3 {[%emt 0:01:04]} 12. Bxd3 {[%emt 0:00:02]} Nbd7 {[%emt 0:00:02]} 13. O-O {[%emt 0:00:52]} Nxc5 {[%emt 0:00:03]} 14. Bc2 {[%emt 0:00:14]} Nfxe4 {[%emt 0:00:21]} 15. Nxe4 {[%emt 0:00:07]} Bxe4 {[%emt 0:00:05]} 16. Bxe4 {[%emt 0:00:10]} Nxe4 {[%emt 0:00:02]} 17. Re1 {[%emt 0:00:09]} f5 {[%emt 0:01:48]} 18. Rb1 {[%emt 0:00:38]} Rac8 {[%emt 0:00:20]} 19. Ng5 {[%emt 0:00:53]} Rxc1 {[%emt 0:00:33]} 20. Nxe4 {[%emt 0:00:10]} Rxe1+ {[%emt 0:00:04]} 21. Rxe1 {[%emt 0:00:06]} fxe4 {[%emt 0:00:01]} 0-1

[Event "HUN-ch Rapid 2019"]
[Site "Ajka"]
[Date "2019.07.19"]
[Round "1.8"]
[White "Prohaszka, Peter"]
[Black "Palla, Gyorgy"]
[Result "1-0"]
[WhiteElo "2598"]
[BlackElo "1992"]
[Annotator "RC"]
[PlyCount "87"]
[EventDate "2019.07.18"]
[EventType "swiss"]
[EventCountry "HUN"]
[SourceTitle "playchess.com"]
[Source "ChessBase"]
[SourceQuality "1"]
[TimeControl "1200+5"]

1. d4 {[%emt 0:00:04]} d5 {[%emt 0:00:06]} 2. Nf3 {[%emt 0:00:03]} Nf6 {[%emt 0:00:05]} 3. c4 {[%emt 0:00:01]} c6 {[%emt 0:00:11]} 4. g3 {[%emt 0:00:08]} Bf5 {[%emt 0:00:35]} 5. Bg2 {[%emt 0:00:03]} Nbd7 {[%emt 0:00:15]} 6. Qb3 {[%emt 0:00:42]} Qb6 {[%emt 0:00:59]} 7. O-O {[%emt 0:00:06]} e6 {[%emt 0:00:25]} 8. Nc3 {[%emt 0:00:20]} Qxb3 {[%emt 0:00:32]} 9. axb3 {[%emt 0:00:01]} Bc2 {[%emt 0:00:36]} 10. Nd2 {[%emt 0:00:17]} Bd6 {[%emt 0:00:34]} 11. c5 {[%emt 0:01:28]} Bc7 {[%emt 0:00:03]} 12. b4 {[%emt 0:00:01]} e5 {[%emt 0:00:24]} 13. Nf3 {[%emt 0:02:19]} e4 {[%emt 0:00:51]} 14. Nh4 {[%emt 0:01:24]} O-O {[%emt 0:00:47]} 15. Nf5 {[%emt 0:00:12]} Bb3 {[%emt 0:01:10]} 16. b5 {[%emt 0:02:23]} Rfe8 {[%emt 0:01:47]} 17. Bf4 {[%emt 0:02:20]} Bxf4 {[%emt 0:01:27]} 18. gxf4 {[%emt 0:00:01]} Bc4 {[%emt 0:01:03]} 19. Nd6 {[%emt 0:00:23]} Re6 {[%emt 0:00:41]} 20. b6 {[%emt 0:03:50]} Ba6 {[%emt 0:01:23]} 21. bxa7 {[%emt 0:00:26]} Nh5 {[%emt 0:00:14]} 22. f5 {[%emt 0:00:26]} Rh6 {[%emt 0:00:59]} 23. f4 {[%emt 0:01:20]} Rxa7 {[%emt 0:00:32]} 24. b4 {[%emt 0:00:07]} Ra8 {[%emt 0:00:26]} 25. b5 {[%emt 0:00:15]} cxb5 {[%emt 0:00:14]} 26. Nxd5 {[%emt 0:00:06]} Rxd6 {[%emt 0:00:32]} 27. cxd6 {[%emt 0:00:01]} Nhf6 {[%emt 0:00:19]} 28. Nc7 {[%emt 0:00:05]} Rd8 {[%emt 0:00:34]} 29. Nxa6 {[%emt 0:00:04]} bxa6 {[%emt 0:00:01]} 30. Rxa6 {[%emt 0:00:01]} Rb8 {[%emt 0:00:27]} 31. Rfa1 {[%emt 0:00:03]} g6 {[%emt 0:00:17]} 32. fxg6 {[%emt 0:00:07]} hxg6 {[%emt 0:00:02]} 33. Ra8 {[%emt 0:00:01]} Rxa8 {[%emt 0:00:15]} 34. Rxa8+ {[%emt 0:00:02]} Kg7 {[%emt 0:00:01]} 35. Bh3 {[%emt 0:00:01]} Nb6 {[%emt 0:00:03]} 36. Rb8 {[%emt 0:00:02]} Nbd5 {[%emt 0:00:04]} 37. d7 {[%emt 0:00:05]} Nxd7 {[%emt 0:00:08]} 38. Bxd7 {[%emt 0:00:01]} Nxf4 {[%emt 0:00:01]} 39. Kf1 {[%emt 0:00:01]} Nd5 {[%emt 0:00:08]} 40. Bxb5 {[%emt 0:00:03]} f5 {[%emt 0:00:04]} 41. Kf2 {[%emt 0:00:04]} f4 {[%emt 0:00:03]} 42. Bc4 {[%emt 0:00:01]} Nf6 {[%emt 0:00:06]} 43. Be6 {[%emt 0:00:04]} g5 {[%emt 0:00:05]} 44. h3 {[%emt 0:00:03]} 1-0

[Event "HUN-ch Rapid 2019"]
[Site "Ajka"]
[Date "2019.07.19"]
[Round "1.9"]
[White "Miszler, Levente"]
[Black "Medvegy, Zoltan"]
[Result "0-1"]
[WhiteElo "2179"]
[BlackElo "2539"]
[Annotator "TA"]
[PlyCount "40"]
[EventDate "2019.07.18"]
[EventType "swiss"]
[EventCountry "HUN"]
[SourceTitle "playchess.com"]
[Source "ChessBase"]
[SourceQuality "1"]

{[%evp 15,40,29,16,5,5,-64,-83,-78,-75,-146,-115,-151,-127,-156,-174,-416,-418,-420,-373,-504,-488,-450,-355,-555,-563,-531,-529]} 1. Nf3 Nf6 2. c4 b6 3. g3 Bb7 4. Bg2 g6 5. O-O Bg7 6. Nc3 O-O 7. d4 Ne4 8. Nxe4 Bxe4 9. Bf4 {A50: Queen's Fianchetto Defence (1 d4 Nf6 2 c4 b6)} (9. Be3 c5 10. Qd2 d6 11. Rac1 Nd7 12. Rfd1 Nf6 13. Bh6 Qc7 14. Bxg7 Kxg7 15. Ne1 Rad8 16. f3 Bb7 17. d5 b5 18. b3 bxc4 19. bxc4 e5 {1-0 (56) Zherebukh,Y (2632)-Ipatov,A (2662) Saint Louis 2017}) 9... c5 10. e3 (10. Be5 $11) 10... d6 $15 11. g4 $146 {Black is better.} ({Predecessor:} 11. Qd2 Nd7 12. d5 b5 13. cxb5 Nf6 14. Ne1 Bxg2 15. Kxg2 Qd7 16. Qd3 Rfc8 {0-1 (53) Dordzhieva,D (2242)-Guramishvili,S (2370) Kutansi 2015}) 11... Nc6 12. a3 (12. d5 $142 Na5 13. Qe2) 12... Qd7 13. h3 Rac8 14. Rc1 {[#]} cxd4 $1 15. Nxd4 $2 (15. exd4 {was worth a try.} Bxf3 16. Bxf3) 15... Bxg2 $19 16. Kxg2 e5 {[%mdl 64] Double Attack} 17. Nb5 exf4 18. exf4 Rfd8 19. Rc2 (19. b3 $142) 19... a6 20. Nc3 Nd4 0-1